|
|
|
|
| LEADER |
01387nam a2200313 4500 |
| 001 |
DLU120144678 |
| 005 |
##20121212 |
| 040 |
# |
# |
|a DLU
|b vie
|
| 041 |
# |
# |
|a vie
|
| 044 |
# |
# |
|a vn
|
| 082 |
# |
# |
|a 330.072
|b TR-K
|
| 100 |
# |
# |
|a Trần Tiến Khai.
|
| 245 |
# |
# |
|a Phương pháp nghiên cứu kinh tế :
|b Kiến thức cơ bản /
|c Trần Tiến Khai.
|
| 260 |
# |
# |
|a H. :
|b Lao động - Xã hội,
|c 2011.
|
| 300 |
# |
# |
|a 345 tr. ;
|c 24 cm.
|
| 505 |
# |
# |
|a Chương 1. Tổng quan về nghiên cứu khoa học và phương pháp nghiên cứu kinh tế -- Chương 2. Xác định và mô tả vấn đề nghiên cứu -- Chương 3. Tổng quan tài liệu -- Chương 4. Phát triển khung lý thuyết, khung khái niệm và khung phân tích -- Chương 5. Đo lường và thang đo -- Chương 6. Phương pháp chọn mẫu và xác định cỡ mẫu -- Chương 7. Viết đề cương nghiên cứu -- Chương 8. Thu thập dữ liệu -- Chương 9. Nhập và xử lý xữ liệu -- Chương 10. Viết báo cáo nghiên cứu.
|
| 650 |
# |
# |
|a Khoa học
|x Phương pháp luận.
|
| 650 |
# |
# |
|a Kinh tế học
|x Phương pháp luận.
|
| 923 |
# |
# |
|a 08/2012
|
| 991 |
# |
# |
|a SH
|
| 992 |
# |
# |
|a 98000
|
| 994 |
# |
# |
|a DLU
|
| 900 |
# |
# |
|a True
|
| 911 |
# |
# |
|a Đào Thị Thu Huyền
|
| 925 |
# |
# |
|a G
|
| 926 |
# |
# |
|a A
|
| 927 |
# |
# |
|a SH
|
| 980 |
# |
# |
|a Thư viện Trường Đại học Đà Lạt
|